Groups of One through Twelve - Statistics

General Stats
  • This quiz has been taken 83 times
  • The average score is 18 of 78
Answer Stats
Group Name Answer % Correct
1. Countries where the Pope lives Vatican City
100%
2. Main Characters in Garfield Garfield
89%
9. Members of the Beach Boys Al Jardine
83%
6. Most Common Elements in Life Oxygen
76%
4. Canadian Atlantic Provinces Newfoundland and Labrador
73%
3. Back to the Future trilogy release years 1985
69%
6. Most Common Elements in Life Hydrogen
69%
5. Sports in Wii Sports Tennis
69%
6. Most Common Elements in Life Carbon
66%
3. Back to the Future trilogy release years 1989
64%
3. Back to the Future trilogy release years 1990
63%
6. Most Common Elements in Life Nitrogen
63%
4. Canadian Atlantic Provinces Nova Scotia
61%
5. Sports in Wii Sports Golf
60%
4. Canadian Atlantic Provinces Prince Edward Island
60%
5. Sports in Wii Sports Bowling
56%
5. Sports in Wii Sports Baseball
49%
4. Canadian Atlantic Provinces New Brunswick
47%
5. Sports in Wii Sports Boxing
40%
11. Jedi Council Members in Revenge of the Sith Yoda
40%
11. Jedi Council Members in Revenge of the Sith Obi-Wan Kenobi
36%
2. Main Characters in Garfield Jon Arbuckle
33%
9. Members of the Beach Boys Brian Wilson
29%
11. Jedi Council Members in Revenge of the Sith Mace Windu
27%
6. Most Common Elements in Life Sulfur
26%
9. Members of the Beach Boys Mike Love
24%
12. NCAA Hockey East Schools Boston University
21%
6. Most Common Elements in Life Phosphorus
20%
10. Lost Tribes of Israel Dan
19%
7. Liberal Arts Music
17%
8. Cabinet-Level Officials in the US EPA Administrator
13%
11. Jedi Council Members in Revenge of the Sith Ki-Adi-Mundi
13%
11. Jedi Council Members in Revenge of the Sith Kit Fisto
13%
10. Lost Tribes of Israel Reuben
13%
9. Members of the Beach Boys Dennis Wilson
11%
11. Jedi Council Members in Revenge of the Sith Plo Koon
11%
7. Liberal Arts Rhetoric
11%
7. Liberal Arts Grammar
10%
10. Lost Tribes of Israel Asher
9%
7. Liberal Arts Astronomy
9%
7. Liberal Arts Logic
9%
12. NCAA Hockey East Schools New Hampshire
9%
11. Jedi Council Members in Revenge of the Sith Shaak Ti
9%
12. NCAA Hockey East Schools Boston College
7%
9. Members of the Beach Boys Carl Wilson
7%
9. Members of the Beach Boys David Marks
7%
10. Lost Tribes of Israel Ephraim
7%
10. Lost Tribes of Israel Gad
7%
7. Liberal Arts Geometry
7%
12. NCAA Hockey East Schools Maine
7%
10. Lost Tribes of Israel Simeon
7%
7. Liberal Arts Arithmetic
6%
8. Cabinet-Level Officials in the US CIA Director
6%
12. NCAA Hockey East Schools Connecticut
6%
10. Lost Tribes of Israel Issachar
6%
10. Lost Tribes of Israel Manasseh
6%
11. Jedi Council Members in Revenge of the Sith Saesee Tiin
6%
12. NCAA Hockey East Schools Vermont
6%
12. NCAA Hockey East Schools Massachusetts
4%
10. Lost Tribes of Israel Naphtali
4%
11. Jedi Council Members in Revenge of the Sith Stass Allie
4%
10. Lost Tribes of Israel Zebulun
4%
9. Members of the Beach Boys Blondie Chaplin
3%
9. Members of the Beach Boys Bruce Johnston
3%
8. Cabinet-Level Officials in the US Director of National Intelligence
3%
8. Cabinet-Level Officials in the US Office of Management and Budget Director
3%
12. NCAA Hockey East Schools Providence
3%
9. Members of the Beach Boys Ricky Fataar
3%
8. Cabinet-Level Officials in the US White House Chief of Staff
3%
8. Cabinet-Level Officials in the US Administrator of the Small Business Administration
1%
12. NCAA Hockey East Schools Northeastern
1%
8. Cabinet-Level Officials in the US Trade Representative
1%
8. Cabinet-Level Officials in the US United Nations Ambassador
1%
11. Jedi Council Members in Revenge of the Sith Agen Kolar
0%
11. Jedi Council Members in Revenge of the Sith Coleman Kcaj
0%
12. NCAA Hockey East Schools Holy Cross
0%
12. NCAA Hockey East Schools Massachusetts—Lowell
0%
12. NCAA Hockey East Schools Merrimack
0%
No matching quizzes found
Score Distribution
Percent of People with Each Score
Percentile by Number Answered
Your Score History
You have not taken this quiz